| 000 | 00496nam a22001697a 4500 | ||
|---|---|---|---|
| 005 | 20251108164321.0 | ||
| 008 | 250721s1989 xx 000 0 ara d | ||
| 082 | 1 | 4 | _a418.2/مجد |
| 100 | 1 | _aالبرازي، مجد محمد الباكير | |
| 245 | 1 | 0 | _aالتعبير الوظيفي / |
| 264 | 1 |
_aعمان : _bمكتبة الرسالة الحديثة، _c1989. |
|
| 300 | _a194ص | ||
| 650 | 1 | 7 | _aاللغة العربية |
| 650 | 1 | 7 | _aالتعبير |
| 942 |
_2ddc _cBK |
||
| 999 |
_c9180 _d9180 |
||